000 00864nam a2200229Ia 4500
003 GCL
008 140319s9999 xx 000 0 ara d
040 _aGCL /
_cGCL
082 0 4 _a257.2
_bا ح
100 1 _aابن تيمية : تقى الدين ابوالعباس احمد بن عبدالحليم
245 1 0 _aالحسبة فى الاسلام أو وظيفة الحكومة الاسلامية /
_cابن تيمية : تقى الدين ابوالعباس احمد بن عبدالحليم
700 1 _aابراهيم رمضان
260 _a[S.N] :
_bدار الفكر اللبنانى ،
_c1992
300 _a103 ص
490 _a
650 0 4 _aالخلافة
650 0 4 _aالفقه الاسلامى
650 0 4 _aالاحكام السلطانية
650 0 4 _aالحسبة
650 0 4 _aالاسلام - نظام الحكم
942 _2ddc
_cBK
999 _c37352
_d37352